[Event "31.Schlosspark-Open"]
[Site "Wiesbaden-Biebrich"]
[Date "2019.08.25"]
[Round "6.27"]
[White "Hassemeier, Mika"]
[Black "Flach, Erich"]
[Result "1/2-1/2"]
[WhiteElo "1872"]
[BlackElo "2081"]
[PlyCount "49"]
[EventDate "2019.??.??"]
[WhiteTeam "FVS ASP Hoyerswerda"]
[BlackTeam "SV Griesheim"]

1. d4 Nf6 2. Bg5 Ne4 3. Bf4 d5 4. e3 Bf5 5. Bd3 e6 6. Nd2 Bd6 7. Bxd6 Qxd6 8.
Ngf3 h6 9. Qb1 Nxd2 10. Nxd2 Bxd3 11. cxd3 O-O 12. O-O Nc6 13. Rc1 f6 14. b4 a6
15. Qb3 Kh7 16. Rc5 Rfd8 17. Rac1 e5 18. dxe5 fxe5 19. a3 Rd7 20. Qc2 Kh8 21.
Nf3 Rf8 22. e4 dxe4 23. dxe4 Rdf7 24. Rd1 Qe7 25. Rd3 1/2-1/2

[Event "31.Schlosspark-Open"]
[Site "Wiesbaden-Biebrich"]
[Date "2019.08.25"]
[Round "6.28"]
[White "Gries, Volker"]
[Black "Triantafillidis, Simeon"]
[Result "1-0"]
[WhiteElo "2078"]
[BlackElo "1952"]
[PlyCount "41"]
[EventDate "2019.??.??"]
[WhiteTeam "SV Oberursel"]
[BlackTeam "SF HN-Biberach"]

1. e4 e5 2. Nf3 Nc6 3. d4 exd4 4. Nxd4 Bc5 5. Nxc6 bxc6 6. Bd3 h6 7. O-O Nf6 8.
Qe2 O-O 9. Be3 Bxe3 10. Qxe3 Re8 11. Qd4 c5 12. Qxc5 Nxe4 13. Bxe4 Rxe4 14. Qd5
Rb4 15. Qxa8 Rb7 16. Nc3 c6 17. Rfe1 Kh7 18. Re3 Qc7 19. Nd5 cxd5 20. Rc3 Qb8
21. Rxc8 1-0

[Event "31.Schlosspark-Open"]
[Site "Wiesbaden-Biebrich"]
[Date "2019.08.25"]
[Round "6.30"]
[White "Kuehn, Matthias"]
[Black "Foerster-Yialamas, Lucas"]
[Result "0-1"]
[WhiteElo "1939"]
[BlackElo "2056"]
[PlyCount "102"]
[EventDate "2019.??.??"]
[WhiteTeam "SV Hürth-Berrenrath"]
[BlackTeam "Frankfurter TV"]

1. e4 c5 2. Nc3 Nc6 3. f4 d6 4. Nf3 g6 5. d3 Bg7 6. g3 e6 7. Bg2 Nge7 8. O-O
O-O 9. Ne2 Qc7 10. c3 b6 11. g4 f5 12. h3 h6 13. Ng3 Ba6 14. Rf2 Rad8 15. Nh4
Bc8 16. Bd2 Bf6 17. Nf3 Ba6 18. Qc2 Rd7 19. Re1 Kh7 20. Bf1 Bg7 21. Qd1 Rg8 22.
g5 d5 23. e5 b5 24. Rg2 d4 25. Nh4 dxc3 26. bxc3 b4 27. Nh5 bxc3 28. Bxc3 gxh5
29. Qxh5 Rf8 30. gxh6 Bxh6 31. Re3 Nd8 32. Reg3 Ng8 33. Qg6+ Kh8 34. Nxf5 exf5
35. e6+ Rd4 36. e7 Qxe7 37. Qxa6 Bxf4 38. Bxd4+ cxd4 39. Rf3 Be3+ 40. Kh1 f4
41. Qg6 Qh7 42. Qd6 Re8 43. h4 Nf7 44. Qc5 Re5 45. Qxa7 Rh5 46. Rh3 Qf5 47.
Rhh2 f3 48. Rb2 Qg4 49. Rbf2 Bxf2 50. Rxf2 Qxh4+ 51. Kg1 Qh1# 0-1

[Event "31.Schlosspark-Open"]
[Site "Wiesbaden-Biebrich"]
[Date "2019.08.25"]
[Round "6.31"]
[White "Waffenschmidt, Joachim"]
[Black "Schmitt, Carsten"]
[Result "1-0"]
[WhiteElo "1994"]
[BlackElo "1926"]
[PlyCount "37"]
[EventDate "2019.??.??"]
[WhiteTeam "SV Hofheim"]
[BlackTeam "SV Bergwinkel"]

1. d4 d5 2. c4 e6 3. Nc3 c5 4. cxd5 exd5 5. Nf3 Nc6 6. g3 Nf6 7. Bg2 Be7 8. O-O
O-O 9. Bg5 c4 10. e3 h6 11. Bxf6 Bxf6 12. Nd2 Ne7 13. b3 Qa5 14. Rc1 Be6 15.
bxc4 dxc4 16. Nde4 Nd5 17. Nxd5 Bxd5 18. Nxf6+ gxf6 19. Qh5 1-0

[Event "31.Schlosspark-Open"]
[Site "Wiesbaden-Biebrich"]
[Date "2019.08.25"]
[Round "6.32"]
[White "Marzahn, Heiko"]
[Black "Davidov, Georgi"]
[Result "1-0"]
[WhiteElo "2041"]
[BlackElo "1917"]
[PlyCount "115"]
[EventDate "2019.??.??"]
[WhiteTeam "Sfr. Erbach"]
[BlackTeam "SC Rotenburg"]

1. e4 e6 2. d4 d5 3. Nc3 Nf6 4. Bg5 Be7 5. e5 Nfd7 6. h4 h6 7. Qh5 g6 8. Bxe7
Qxe7 9. Qe2 a6 10. O-O-O c5 11. dxc5 Nxc5 12. g4 Nc6 13. Bg2 Bd7 14. Bxd5 exd5
15. Nxd5 Qxe5 16. Nc7+ Ke7 17. Qxe5+ Nxe5 18. Nxa8 Bc6 19. Rh3 Rxa8 20. Re3 Kf6
21. Rd6+ Ne6 22. g5+ hxg5 23. hxg5+ Kf5 24. Rd1 Nxg5 25. Ne2 Ngf3 26. Ng3+ Ke6
27. Ne4 Bxe4 28. Rxe4 Rh8 29. Rb4 b5 30. a4 Rh4 31. Rxh4 Nxh4 32. Rd8 bxa4 33.
Ra8 Ng4 34. Rxa6+ Kd5 35. Rxa4 f5 36. f4 Ng2 37. Kd2 Nf6 38. Ke2 Ne4 39. Ra5+
Kd4 40. c3+ Kc4 41. Kf3 Nh4+ 42. Ke3 Ng2+ 43. Kf3 Nh4+ 44. Ke3 Nf6 45. Kf2 Kd3
46. Kg3 Ke3 47. Ra6 Nh5+ 48. Kxh4 Nxf4 49. c4 Ng2+ 50. Kg3 Nf4 51. Kh4 Ng2+ 52.
Kg5 f4 53. c5 f3 54. Re6+ Kd4 55. c6 Ne3 56. c7 f2 57. c8=Q f1=Q 58. Qc3+ 1-0

[Event "31.Schlosspark-Open"]
[Site "Wiesbaden-Biebrich"]
[Date "2019.08.25"]
[Round "6.34"]
[White "Buehler, Severin"]
[Black "Oparaugo, Thomas"]
[Result "1/2-1/2"]
[WhiteElo "1918"]
[BlackElo "2005"]
[PlyCount "51"]
[EventDate "2019.??.??"]
[WhiteTeam "Heilbronner SV"]
[BlackTeam "SV Oberursel"]

1. e4 e5 2. Nf3 Nc6 3. Bb5 a6 4. Ba4 Bc5 5. c3 Qf6 6. O-O Nge7 7. d3 h6 8. Be3
Ba7 9. Nbd2 O-O 10. Re1 Ng6 11. Nf1 d6 12. Bxa7 Rxa7 13. Ne3 Nce7 14. g3 Bh3
15. Kh1 Kh8 16. Ng1 Be6 17. Qf3 Qxf3+ 18. Nxf3 f5 19. exf5 Nxf5 20. Kg2 Raa8
21. Bb3 Bxb3 22. axb3 Rf7 23. Nxf5 Rxf5 24. Nd2 Raf8 25. Re2 Rg5 26. Kh1
1/2-1/2

[Event "31.Schlosspark-Open"]
[Site "Wiesbaden-Biebrich"]
[Date "2019.08.25"]
[Round "6.35"]
[White "Schneider, Joerg"]
[Black "Bigott, Martin"]
[Result "0-1"]
[WhiteElo "2127"]
[BlackElo "1860"]
[PlyCount "94"]
[EventDate "2019.??.??"]
[WhiteTeam "SF Mainz"]
[BlackTeam "SK Sülz-Klettenberg"]

1. c4 Nf6 2. Nc3 g6 3. e4 d6 4. g3 c5 5. Bg2 Nc6 6. Nge2 Bg7 7. O-O O-O 8. d3
Rb8 9. h3 a6 10. Be3 e5 11. Qd2 b5 12. Rab1 b4 13. Nd5 Nxd5 14. exd5 Nd4 15.
Bxd4 exd4 16. Kh2 Rb7 17. Rbe1 Re7 18. f4 Rfe8 19. Ng1 Kf8 20. Re4 Bf5 21. Rxe7
Qxe7 22. g4 Bd7 23. Rf2 Qe3 24. Re2 Qxd2 25. Rxd2 Re3 26. Ne2 h6 27. Ng3 g5 28.
Nf1 Re1 29. Kg1 gxf4 30. Kf2 Ra1 31. b3 f5 32. Kf3 fxg4+ 33. hxg4 Be5 34. Nh2
Re1 35. Kf2 Ra1 36. Bf3 Kg7 37. Bd1 f3 38. Nxf3 Bf4 39. Re2 Be3+ 40. Ke1 Bxg4
41. Rg2 h5 42. Ke2 Rxa2+ 43. Kf1 Ra1 44. Ke2 Kf6 45. Rg3 Ra2+ 46. Kf1 Ra1 47.
Ke2 Kf5 0-1

[Event "31.Schlosspark-Open"]
[Site "Wiesbaden-Biebrich"]
[Date "2019.08.25"]
[Round "6.36"]
[White "Pioch, Thomas"]
[Black "Launert, Martin"]
[Result "1/2-1/2"]
[WhiteElo "2074"]
[BlackElo "1837"]
[PlyCount "58"]
[EventDate "2019.??.??"]
[WhiteTeam "SF Mainz"]
[BlackTeam "Sfr. Erbach"]

1. e4 e5 2. Nf3 Nc6 3. Bb5 a6 4. Bxc6 dxc6 5. O-O f6 6. d4 exd4 7. Nxd4 c5 8.
Nb3 Qxd1 9. Rxd1 Bd6 10. Be3 b6 11. a4 Ne7 12. N1d2 Be6 13. a5 O-O 14. f4 Nc6
15. axb6 cxb6 16. Nf3 Bc7 17. Nbd2 Rfd8 18. c3 Rd3 19. Kf2 Rdd8 20. f5 Bf7 21.
g4 Ne5 22. Nxe5 Bxe5 23. Nf3 Bc7 24. Rxd8+ Bxd8 25. Rd1 Be8 26. e5 fxe5 27.
Nxe5 Bc7 28. Nf3 Rd8 29. Rxd8 Bxd8 1/2-1/2

[Event "31.Schlosspark-Open"]
[Site "Wiesbaden-Biebrich"]
[Date "2019.08.25"]
[Round "6.37"]
[White "Froehlich-Dill, Astrid"]
[Black "Bischoff, Ulrich"]
[Result "0-1"]
[WhiteElo "1866"]
[BlackElo "2050"]
[PlyCount "65"]
[EventDate "2019.??.??"]
[WhiteTeam "SV Hofheim"]
[BlackTeam "Sfr. Erbach"]

1. d4 d5 2. Nf3 Nf6 3. c4 e6 4. Bg5 Be7 5. Nc3 O-O 6. e3 h6 7. Bh4 b6 8. Bd3
Bb7 9. O-O Nbd7 10. Rc1 c5 11. h3 Rc8 12. b3 Ne4 13. Bxe7 Qxe7 14. Bxe4 dxe4
15. Nd2 f5 16. d5 Rcd8 17. dxe6 Ne5 18. Qe2 Qxe6 19. Rcd1 Qg6 20. Nd5 Bxd5 21.
cxd5 Nd3 22. f3 Rxd5 23. fxe4 fxe4 24. Rxf8+ Kxf8 25. Rf1+ Kg8 26. Nb1 Rf5 27.
Rxf5 Qxf5 28. Nc3 a6 29. Qf1 Qe5 30. Na4 b5 31. Nb6 Qe6 32. Na8 Qc6 33. Qf5 0-1

[Event "31.Schlosspark-Open"]
[Site "Wiesbaden-Biebrich"]
[Date "2019.08.25"]
[Round "6.38"]
[White "Wunschik, Joachim"]
[Black "Papadopoulos, Ioannis"]
[Result "0-1"]
[WhiteElo "1837"]
[BlackElo "1921"]
[PlyCount "100"]
[EventDate "2019.??.??"]
[WhiteTeam "SV Rüsselsheim"]
[BlackTeam "SV Oberursel"]

1. d4 d5 2. Bf4 Nf6 3. e3 e6 4. Bd3 c5 5. c3 Bd6 6. Bxd6 Qxd6 7. Nf3 Nc6 8.
Nbd2 Bd7 9. O-O O-O 10. h3 Rfe8 11. Rc1 e5 12. dxe5 Nxe5 13. Nxe5 Qxe5 14. Qf3
Bc6 15. Qf5 Qxf5 16. Bxf5 Rad8 17. Nf3 g6 18. Bb1 d4 19. cxd4 Bxf3 20. gxf3
cxd4 21. Rfd1 dxe3 22. Rxd8 exf2+ 23. Kxf2 Rxd8 24. Ke2 Nd5 25. Be4 Nf4+ 26.
Ke3 Nxh3 27. Bxb7 Ng5 28. Rc8 Rxc8 29. Bxc8 Kf8 30. f4 Ne6 31. b4 Ke7 32. Bb7
Kd6 33. Bf3 Nc7 34. Kd4 h5 35. a4 Ne6+ 36. Ke3 Nc7 37. Kd4 h4 38. Bg2 f6 39.
Be4 g5 40. fxg5 Ne6+ 41. Kc4 fxg5 42. a5 g4 43. b5 h3 44. b6 axb6 45. axb6 g3
46. Kb5 g2 47. Bxg2 hxg2 48. Ka6 g1=Q 49. Ka7 Kc6 50. Ka8 Kxb6 0-1

[Event "31.Schlosspark-Open"]
[Site "Wiesbaden-Biebrich"]
[Date "2019.08.25"]
[Round "6.39"]
[White "Bjoerknes, Uwe"]
[Black "Haack, Kevin"]
[Result "0-1"]
[WhiteElo "1825"]
[BlackElo "2031"]
[PlyCount "37"]
[EventDate "2019.??.??"]
[WhiteTeam "SK Bad Homburg"]
[BlackTeam "SC Bad Soden"]

1. d4 d5 2. c4 e6 3. g3 Nf6 4. Bg2 Be7 5. Nf3 O-O 6. O-O c6 7. Qb3 b6 8. cxd5
exd5 9. Ne5 Bb7 10. Be3 Nbd7 11. Rd1 Qc7 12. Bf4 Bd6 13. Nxd7 Qxd7 14. Bxd6
Qxd6 15. Nc3 Rfe8 16. Rac1 Rad8 17. Qa4 Qc7 18. e3 Bc8 19. Nb5 0-1

[Event "31.Schlosspark-Open"]
[Site "Wiesbaden-Biebrich"]
[Date "2019.08.25"]
[Round "6.40"]
[White "Yaghi, Rita"]
[Black "Seidel, Martin"]
[Result "1/2-1/2"]
[WhiteElo "1989"]
[BlackElo "1827"]
[PlyCount "62"]
[EventDate "2019.??.??"]
[WhiteTeam "SK Marburg"]
[BlackTeam "SV Hennef"]

1. e4 e6 2. d4 d5 3. Nc3 Bb4 4. a3 Bxc3+ 5. bxc3 dxe4 6. Qg4 Nf6 7. Qxg7 Rg8 8.
Qh6 Nbd7 9. Ne2 b6 10. Nf4 Bb7 11. Be3 Qe7 12. Be2 O-O-O 13. Qh3 Kb8 14. c4 e5
15. Nd5 Nxd5 16. cxd5 exd4 17. Bxd4 Bxd5 18. O-O Ne5 19. Be3 f6 20. Bf4 Ng6 21.
Be3 Qe5 22. Qg3 f5 23. Qxe5 Nxe5 24. Rfd1 Bc4 25. Bh5 Kc8 26. h3 Rxd1+ 27. Rxd1
Rd8 28. Rxd8+ Kxd8 29. Bd4 Ng6 30. g3 Ke7 31. f3 Bd5 1/2-1/2

[Event "31.Schlosspark-Open"]
[Site "Wiesbaden-Biebrich"]
[Date "2019.08.25"]
[Round "6.41"]
[White "Hipler, Andreas"]
[Black "Philipp, Nils"]
[Result "0-1"]
[WhiteElo "1801"]
[BlackElo "2017"]
[PlyCount "82"]
[EventDate "2019.??.??"]
[WhiteTeam "SK Gau-Algesheim"]
[BlackTeam "Frankfurter TV"]

1. d4 d5 2. Nf3 Nf6 3. g3 e6 4. Bg2 Be7 5. O-O O-O 6. c4 dxc4 7. Ne5 c5 8. dxc5
Qc7 9. Nxc4 Bxc5 10. Qc2 e5 11. b3 Nc6 12. e3 Nb4 13. Qe2 Bg4 14. f3 Bf5 15.
Rd1 Nc2 16. Bb2 Nxa1 17. Bxe5 Qe7 18. Bxa1 Rad8 19. Nbd2 b5 20. Ne5 Qe8 21. Kh1
Bd6 22. f4 Bxe5 23. Bxe5 Bd3 24. Qf3 Qe6 25. h3 Bc2 26. Bd4 Bxd1 27. Qxd1 Nd5
28. Qf3 f5 29. Qe2 a6 30. Nf3 b4 31. Ng5 Qc6 32. Qh5 Qg6 33. Qxg6 hxg6 34. Ne6
Nc3 35. Nxf8 Rxf8 36. a3 a5 37. axb4 axb4 38. Bf3 Rc8 39. Kg2 Ne4 40. Bxe4 fxe4
41. Bb6 Rc3 0-1

[Event "31.Schlosspark-Open"]
[Site "Wiesbaden-Biebrich"]
[Date "2019.08.25"]
[Round "6.42"]
[White "Ohler, Julius"]
[Black "Laux, Dominik"]
[Result "1/2-1/2"]
[WhiteElo "1798"]
[BlackElo "2016"]
[PlyCount "61"]
[EventDate "2019.??.??"]
[WhiteTeam "SG Trier"]
[BlackTeam "VSG Offenbach"]

1. c4 e5 2. Nc3 Bb4 3. g3 Bxc3 4. bxc3 d6 5. Bg2 Nd7 6. d4 c5 7. e3 Ne7 8. Ne2
O-O 9. O-O Qc7 10. Ba3 Nc6 11. f4 Rb8 12. fxe5 dxe5 13. Nc1 Na5 14. Bd5 b6 15.
Nb3 Nxb3 16. axb3 Nf6 17. Qd3 Rd8 18. e4 a5 19. Bc1 Nxd5 20. exd5 Rb7 21. dxe5
Qxe5 22. Bf4 Qh5 23. Rfe1 Bf5 24. Qe3 f6 25. Qe2 Qxe2 26. Rxe2 Kf7 27. Kf2 h5
28. h4 Rbd7 29. Rae1 Rb7 30. d6 Rdd7 31. Rd2 1/2-1/2

[Event "31.Schlosspark-Open"]
[Site "Wiesbaden-Biebrich"]
[Date "2019.08.25"]
[Round "6.43"]
[White "Junker, Christian"]
[Black "Schmitt, Clemens"]
[Result "1-0"]
[WhiteElo "2011"]
[BlackElo "1813"]
[PlyCount "79"]
[EventDate "2019.??.??"]
[WhiteTeam "SV Neu-Isenburg"]
[BlackTeam "SV Bergwinkel"]

1. Nf3 c5 2. d3 Nc6 3. e4 g6 4. g3 Bg7 5. Bg2 e5 6. O-O Nge7 7. c3 O-O 8. a3 d6
9. b4 b6 10. b5 Na5 11. c4 f5 12. Bb2 fxe4 13. Ng5 Rb8 14. Nxe4 h6 15. Bc3 Nb7
16. Nbd2 Be6 17. h3 Qd7 18. Kh2 Nf5 19. Bb2 Kh7 20. Nc3 Ne7 21. a4 d5 22. Qe2
Na5 23. cxd5 Nxd5 24. Rad1 Rbe8 25. Nf3 Nb3 26. Ne4 Nd4 27. Nxd4 exd4 28. Qd2
Bf5 29. Rde1 Bxe4 30. dxe4 Nb4 31. Ba3 a5 32. bxa6 Nxa6 33. f4 Rc8 34. e5 Rfe8
35. Be4 Qxa4 36. Qd3 Red8 37. Qf3 c4 38. Be7 Rd7 39. Qg4 Rdc7 40. Qxg6+ 1-0

[Event "31.Schlosspark-Open"]
[Site "Wiesbaden-Biebrich"]
[Date "2019.08.25"]
[Round "6.44"]
[White "Rabiya, Karim"]
[Black "Grohmann, Alexander"]
[Result "1/2-1/2"]
[WhiteElo "1797"]
[BlackElo "2003"]
[PlyCount "91"]
[EventDate "2019.??.??"]
[WhiteTeam "SK Niederbrechen"]
[BlackTeam "FVS ASP Hoyerswerda"]

1. e4 c5 2. Nf3 d6 3. d4 cxd4 4. Nxd4 Nf6 5. Nc3 a6 6. Be3 e5 7. Nb3 Be7 8. h3
Be6 9. Qf3 Nc6 10. O-O-O Qc7 11. Kb1 Rc8 12. g4 Na5 13. g5 Nd7 14. h4 Nc4 15.
Bc1 Na3+ 16. bxa3 Qxc3 17. Qxc3 Rxc3 18. Bd2 Rc8 19. Bb4 Nc5 20. f3 Na4 21. Rd2
Nc3+ 22. Kb2 Na4+ 23. Ka1 O-O 24. f4 exf4 25. e5 Rfd8 26. exd6 Bf8 27. Bh3 Bxh3
28. Rxh3 b6 29. Rhd3 f3 30. Rxf3 a5 31. d7 Rc7 32. Bxf8 Kxf8 33. Rfd3 Nc5 34.
Nxc5 Rxc5 35. Rd6 Ke7 36. Rxb6 Rxd7 37. Re2+ Kd8 38. Kb2 Kc7 39. Rb3 Kc6 40.
Rf2 Rc4 41. Rc3 Rb7+ 42. Rb3 Rd7 43. h5 Rc5 44. Rg3 Rb5+ 45. Kc1 Re5 46. Rc3+
1/2-1/2

[Event "31.Schlosspark-Open"]
[Site "Wiesbaden-Biebrich"]
[Date "2019.08.25"]
[Round "6.45"]
[White "Gentner, Markus"]
[Black "Merges, Harald"]
[Result "1-0"]
[WhiteElo "2001"]
[BlackElo "1797"]
[PlyCount "59"]
[EventDate "2019.??.??"]
[WhiteTeam "SC Murrhardt"]
[BlackTeam "SG Reil-Kinheim"]

1. Nf3 Nf6 2. c4 e6 3. g3 c6 4. Bg2 d5 5. O-O Bd6 6. b3 O-O 7. Bb2 Nbd7 8. Nc3
Re8 9. Qc2 a6 10. a4 b6 11. d3 Bb7 12. e4 dxe4 13. dxe4 Qe7 14. Rad1 e5 15. Nh4
g6 16. Qd2 Bc5 17. Qg5 Qf8 18. Nf5 Kh8 19. Nh6 Rad8 20. Ne2 Qe7 21. Rd3 b5 22.
Rfd1 Bb6 23. Kf1 Bc7 24. Bh3 Bc8 25. Bg2 Ng8 26. Qxe7 Rxe7 27. Ba3 Rde8 28.
Nxg8 Kxg8 29. Bxe7 Rxe7 30. Bh3 1-0

[Event "31.Schlosspark-Open"]
[Site "Wiesbaden-Biebrich"]
[Date "2019.08.25"]
[Round "6.46"]
[White "Tremoehlen, Thomas"]
[Black "Zeyen, Helmut"]
[Result "1-0"]
[WhiteElo "1989"]
[BlackElo "1796"]
[PlyCount "59"]
[EventDate "2019.??.??"]
[WhiteTeam "SG Kaarst"]
[BlackTeam "Wiesbadener SV"]

1. e4 d5 2. e5 c5 3. c3 e6 4. d4 Qb6 5. Nf3 Nc6 6. Bd3 Bd7 7. O-O g6 8. dxc5
Bxc5 9. b4 Nxb4 10. cxb4 Bd4 11. Nxd4 Qxd4 12. Qb3 Ne7 13. Bb2 Qf4 14. Nc3 O-O
15. Ne2 Qh6 16. b5 Nf5 17. Bxf5 exf5 18. f4 g5 19. a4 g4 20. Rac1 a6 21. b6 Bc6
22. Nd4 Bd7 23. a5 Rfd8 24. Rc7 Rab8 25. Qb4 Qf8 26. Qxf8+ Kxf8 27. Ba3+ Kg8
28. Bd6 Bb5 29. Rd1 Ba4 30. Ra1 1-0

[Event "31.Schlosspark-Open"]
[Site "Wiesbaden-Biebrich"]
[Date "2019.08.25"]
[Round "6.47"]
[White "Wachsmann, Elmar"]
[Black "Kolker, Vladislav"]
[Result "1-0"]
[WhiteElo "1783"]
[BlackElo "1977"]
[PlyCount "67"]
[EventDate "2019.??.??"]
[WhiteTeam "SC Groß-Umstadt"]
[BlackTeam "SC Bad Nauheim"]

1. d4 Nf6 2. c4 g6 3. Nc3 Bg7 4. e4 d6 5. Nf3 O-O 6. Be2 Na6 7. O-O e5 8. d5
Nc5 9. Qc2 a5 10. Bg5 h6 11. Bh4 g5 12. Bg3 Nh5 13. h4 g4 14. Nd2 f5 15. exf5
Bxf5 16. Nde4 Nf6 17. Bd3 Nxd3 18. Qxd3 h5 19. Qe3 Qe8 20. Rae1 Qg6 21. Qg5 Qh7
22. f3 Kh8 23. Nxf6 Bxf6 24. Qe3 Bd3 25. Rf2 Bxc4 26. fxg4 hxg4 27. Qe4 Bd3 28.
Qxg4 Rae8 29. Ne4 Bg7 30. Ng5 Qg6 31. h5 Bf5 32. Qh4 Qh6 33. Ref1 Bd3 34. Rxf8+
1-0

[Event "31.Schlosspark-Open"]
[Site "Wiesbaden-Biebrich"]
[Date "2019.08.25"]
[Round "6.48"]
[White "Rowland, Anthony"]
[Black "Gerst, Michael"]
[Result "1/2-1/2"]
[WhiteElo "1776"]
[BlackElo "1974"]
[PlyCount "27"]
[EventDate "2019.??.??"]
[WhiteTeam "SC Taunusstein"]
[BlackTeam "Oberhausener SV"]

1. Nf3 c5 2. c4 Nc6 3. Nc3 e5 4. g3 g6 5. Bg2 Bg7 6. d3 Nge7 7. Ne4 d6 8. Bg5
h6 9. Bf6 O-O 10. Bxg7 Kxg7 11. Qd2 Be6 12. h4 h5 13. Nfg5 Bc8 14. Nc3 1/2-1/2

[Event "31.Schlosspark-Open"]
[Site "Wiesbaden-Biebrich"]
[Date "2019.08.25"]
[Round "6.49"]
[White "Brauch, Manfred"]
[Black "Berberich, Christoph"]
[Result "0-1"]
[WhiteElo "1774"]
[BlackElo "1960"]
[PlyCount "68"]
[EventDate "2019.??.??"]
[WhiteTeam "SG Pieroth"]
[BlackTeam "SGEM Dreisamtal"]

1. f4 d5 2. Nf3 Nf6 3. g3 c5 4. Bg2 g6 5. O-O Bg7 6. d3 O-O 7. h3 Nc6 8. c3 d4
9. e4 dxe3 10. Bxe3 Qd6 11. Na3 Bf5 12. d4 Nd5 13. Nc4 Qc7 14. Nfe5 Nxe5 15.
dxe5 Nxe3 16. Nxe3 Be6 17. Qf3 Rab8 18. Rad1 Rfd8 19. b3 Rxd1 20. Rxd1 Qa5 21.
c4 Qxa2 22. f5 gxf5 23. Nxf5 Bxf5 24. Qxf5 Qxb3 25. Rd3 Qxc4 26. Be4 Qe6 27.
Qxh7+ Kf8 28. Rf3 Qxe5 29. Rf5 Qxg3+ 30. Kf1 Rd8 31. Ke2 Qh2+ 32. Kf3 Qh1+ 33.
Kg3 Qe1+ 34. Kf3 Rd2 0-1

[Event "31.Schlosspark-Open"]
[Site "Wiesbaden-Biebrich"]
[Date "2019.08.25"]
[Round "6.50"]
[White "Meding, Olaf"]
[Black "Goldt, Rainer"]
[Result "0-1"]
[WhiteElo "1762"]
[BlackElo "1956"]
[PlyCount "86"]
[EventDate "2019.??.??"]
[WhiteTeam "SF Mainz"]
[BlackTeam "Kreuznacher SV"]

1. d4 f5 2. Nf3 Nf6 3. Bf4 e6 4. e3 Be7 5. Bd3 O-O 6. O-O b6 7. c4 Bb7 8. Nc3
d6 9. h3 Ne4 10. Nd2 Nxc3 11. bxc3 e5 12. Bh2 e4 13. Be2 Nd7 14. f3 Bg5 15. f4
Bh4 16. Kh1 Kh8 17. Nb3 Qe7 18. a4 a5 19. Rb1 Rg8 20. Rg1 Bf2 21. Rf1 Bxe3 22.
Qe1 g5 23. Bd1 gxf4 24. Bxf4 Bxf4 25. Rxf4 Qg5 26. Qf1 e3 27. d5 Rae8 28. Rxf5
Ref8 29. Rxf8 Rxf8 30. Bf3 Ne5 31. Nd4 Bc8 32. Qe2 Qg3 33. Ne6 Bxe6 34. dxe6
Nxf3 35. gxf3 Qxh3+ 36. Qh2 Qxf3+ 37. Qg2 Qxg2+ 38. Kxg2 Re8 39. Kf3 Rxe6 40.
Re1 e2 41. Rxe2 Rxe2 42. Kxe2 Kg7 43. Kf3 Kf6 0-1

[Event "31.Schlosspark-Open"]
[Site "Wiesbaden-Biebrich"]
[Date "2019.08.25"]
[Round "6.51"]
[White "Dohmes, Swidbert"]
[Black "Rump, Andreas"]
[Result "0-1"]
[WhiteElo "1732"]
[BlackElo "1947"]
[PlyCount "60"]
[EventDate "2019.??.??"]
[WhiteTeam "SV Hofheim"]
[BlackTeam "SG Idstein"]

1. e4 e5 2. Nf3 Nc6 3. Bb5 a6 4. Bxc6 dxc6 5. Nc3 Bd6 6. d4 Bg4 7. dxe5 Bxf3 8.
Qxf3 Bxe5 9. O-O Nf6 10. Re1 Qd6 11. Qh3 O-O 12. Bg5 Rfe8 13. Rab1 Qc5 14. Bxf6
Bxf6 15. Qf3 Re6 16. Re3 Rae8 17. Rbe1 b5 18. R3e2 Bd4 19. Nd1 Qe5 20. c3 Bb6
21. Kf1 Qxh2 22. g3 Rf6 23. Qg2 Qh5 24. Ne3 g6 25. f4 Rd6 26. Kf2 Rd3 27. e5
Red8 28. Qxc6 Rxe3 29. Rxe3 Rd2+ 30. Kf1 Qh3+ 0-1

[Event "31.Schlosspark-Open"]
[Site "Wiesbaden-Biebrich"]
[Date "2019.08.25"]
[Round "6.52"]
[White "Michalski, Uwe"]
[Black "Reitz, Theresa"]
[Result "0-1"]
[WhiteElo "1730"]
[BlackElo "1936"]
[PlyCount "64"]
[EventDate "2019.??.??"]
[WhiteTeam "SF Mainz"]
[BlackTeam "VfR-SC Koblenz"]

1. e4 d5 2. exd5 Qxd5 3. Nc3 Qd6 4. b4 e5 5. a3 g6 6. Bb2 Bg7 7. Bc4 Ne7 8. Qf3
O-O 9. Nb5 Qd8 10. O-O-O c6 11. Nc3 Qc7 12. g4 a6 13. h4 b5 14. Bb3 Bb7 15. Ne4
c5 16. bxc5 Nd7 17. Ne2 Nxc5 18. N2g3 Nxb3+ 19. Qxb3 Rac8 20. Bc3 Bd5 21. Qb2
f5 22. gxf5 Nxf5 23. Nxf5 Rxf5 24. Rhe1 Rf4 25. Ng5 Rc4 26. Re3 h6 27. Kb1 hxg5
28. hxg5 a5 29. Rxe5 Rxc3 30. Qxb5 Ba2+ 31. Kxa2 Rxc2+ 32. Kb3 Rb2+ 0-1

[Event "31.Schlosspark-Open"]
[Site "Wiesbaden-Biebrich"]
[Date "2019.08.25"]
[Round "6.53"]
[White "Ahrends, Norbert"]
[Black "Meyer, Marcel"]
[Result "1-0"]
[WhiteElo "1926"]
[BlackElo "1770"]
[PlyCount "117"]
[EventDate "2019.??.??"]
[WhiteTeam "SK Gernsheim"]
[BlackTeam "SC Herborn"]

1. d4 Nf6 2. g3 d5 3. Bg2 c6 4. Nf3 Bf5 5. O-O h6 6. c4 e6 7. Qb3 Qb6 8. Bf4
Nbd7 9. Nbd2 Be7 10. c5 Qa6 11. Rfc1 Rc8 12. Bf1 b5 13. a4 g5 14. Be5 g4 15.
Nh4 Nxe5 16. Nxf5 exf5 17. dxe5 Nd7 18. axb5 Qxb5 19. Qxb5 cxb5 20. b4 Nxe5 21.
Rxa7 Nc6 22. Rb7 Nxb4 23. Rxb5 Nc6 24. Nb3 O-O 25. e3 Kg7 26. Rd1 Rfd8 27. Bg2
Kf6 28. Rxd5 Ke6 29. Rxd8 Nxd8 30. Nd4+ Kf6 31. c6 Ne6 32. Rxf5+ Kg6 33. Rb5
Nxd4 34. exd4 Kf6 35. Re5 Bd6 36. Re1 Rb8 37. Rc1 Bc7 38. Kf1 Re8 39. Re1 Rxe1+
40. Kxe1 Kg5 41. Ke2 f5 42. Ke3 Kf6 43. Bd5 h5 44. f4 gxf3 45. Bxf3 Kg5 46. h4+
Kf6 47. Kf2 f4 48. gxf4 Bxf4 49. Bxh5 Ke6 50. Kf3 Bd6 51. Ke4 Be7 52. Bg4+ Kd6
53. h5 Kxc6 54. Ke5 Bg5 55. d5+ Kc7 56. Kf5 Bc1 57. Kg6 Kd8 58. h6 Ke8 59. Kg7
1-0

[Event "31.Schlosspark-Open"]
[Site "Wiesbaden-Biebrich"]
[Date "2019.08.25"]
[Round "6.54"]
[White "Mueller, Lutz"]
[Black "Sefeloge, Michael"]
[Result "1-0"]
[WhiteElo "1906"]
[BlackElo "1725"]
[PlyCount "85"]
[EventDate "2019.??.??"]
[WhiteTeam "SC Bad Königshofen"]
[BlackTeam "SV Lahnstein"]

1. d4 d5 2. Nf3 e6 3. e3 Nf6 4. Bd3 Be7 5. Nbd2 Nbd7 6. b3 O-O 7. Bb2 c5 8. O-O
b6 9. Ne5 Bb7 10. f4 Rc8 11. Qe2 Ne4 12. Bxe4 dxe4 13. c4 Nf6 14. Rad1 Qc7 15.
g4 g6 16. g5 Nh5 17. Ng4 f6 18. gxf6 Nxf6 19. Ne5 Nh5 20. Rf2 Bf6 21. Qg4 Ng7
22. dxc5 Qxc5 23. Nd7 Qh5 24. Nxf6+ Rxf6 25. Qxh5 Nxh5 26. Bxf6 Nxf6 27. Nf1
Kf7 28. Rfd2 Rc7 29. Kf2 h6 30. h3 Bc6 31. Ng3 Rd7 32. Rxd7+ Nxd7 33. Nxe4 Ke7
34. Nc3 Nf6 35. b4 Nd7 36. e4 Nf6 37. Ke3 a6 38. a4 Bb7 39. e5 Ne8 40. Ne4 Ng7
41. Nd6 Nf5+ 42. Nxf5+ exf5 43. Rd6 1-0

[Event "31.Schlosspark-Open"]
[Site "Wiesbaden-Biebrich"]
[Date "2019.08.25"]
[Round "6.55"]
[White "Stork, Christopher"]
[Black "Plaumann, Arvin"]
[Result "1-0"]
[WhiteElo "1905"]
[BlackElo "1667"]
[PlyCount "105"]
[EventDate "2019.??.??"]
[WhiteTeam "SV Oberursel"]
[BlackTeam "SF Heidesheim"]

1. e4 e6 2. d4 d5 3. Nc3 Bb4 4. Bd3 c5 5. exd5 Qxd5 6. Bd2 Bxc3 7. Bxc3 cxd4 8.
Bxd4 Qxg2 9. Qf3 Qxf3 10. Nxf3 f6 11. Rg1 Kf7 12. O-O-O Bd7 13. Be4 Bc6 14.
Bxc6 Nxc6 15. Bc5 Nge7 16. Rd7 b6 17. Bxe7 Nxe7 18. Rgd1 Rhc8 19. Rb7 Rd8 20.
Rxd8 Rxd8 21. Rxa7 e5 22. Rb7 Rd6 23. Nd2 Rd4 24. Rxb6 Rh4 25. Nf3 Rf4 26. Rb3
e4 27. Nd2 Nd5 28. Rb7+ Kg6 29. c4 e3 30. fxe3 Nxe3 31. c5 Rh4 32. c6 Rxh2 33.
b4 Rh1+ 34. Kb2 Rh2 35. Rd7 h5 36. c7 Nc4+ 37. Kc3 Nb6 38. Rd6 Nc8 39. Rd8 Na7
40. c8=Q Nxc8 41. Rxc8 h4 42. b5 h3 43. b6 Rh1 44. b7 h2 45. Rh8 Rc1+ 46. Kb2
h1=Q 47. Rxh1 Rxh1 48. b8=Q f5 49. Qf4 Kf6 50. a4 g5 51. Qd6+ Kg7 52. Qe7+ Kg6
53. Qe6+ 1-0